| 000 | 00564nam a22001577a 4500 | ||
|---|---|---|---|
| 003 | OSt | ||
| 005 | 20150922163142.0 | ||
| 008 | 150922b xxu||||| |||| 00| 0 eng d | ||
| 040 | _cRUA | ||
| 082 | _aAGR THA 2010 B046 Or.1 | ||
| 100 |
_91141 _aTHAN THA |
||
| 245 | _aStraw mushroom production on various substrate conditions ផលិតកម្មផ្សិតចំបើងលើលក្ខខណ្ដស្រ៊ុបស្រ្តាតខុសៗគ្នា | ||
| 260 |
_aPhnom Penh _bRUA _c2010 |
||
| 300 |
_axi, 49p. _bill. _c29cm. |
||
| 942 |
_2ddc _cAGR |
||
| 999 |
_c1092 _d1092 |
||